Loading...
Outlines of Indian philosophy /
| Main Author: | |
|---|---|
| Format: | Printed Book |
| Language: | English |
| Published: |
Delhi :
Ess Ess Pub.,
1976.
|
| Subjects: |
| LEADER | 00493nam a2200145Ia 4500 | ||
|---|---|---|---|
| 008 | 150624b xxu||||| |||| 00| 0 eng d | ||
| 082 | |a 181.4 | ||
| 100 | |a Deussen, Paul | ||
| 245 | |a Outlines of Indian philosophy / |c Paul Deussen | ||
| 260 | |a Delhi : |b Ess Ess Pub., |c 1976. | ||
| 300 | |a 70 p. | ||
| 650 | |x Philosophy, Hindu. | ||
| 942 | |c BK | ||
| 999 | |c 37164 |d 37164 | ||
| 952 | |0 0 |1 0 |4 0 |6 181_400000000000000_DEU_O |7 0 |9 37163 |a UL |b UL |c ST1 |d 1998-08-28 |l 3 |o 181.4 DEU/O |p 53559 |r 2019-08-16 |s 2019-07-10 |w 2012-10-27 |y BK | ||